| 000 | 00637nam a2200265 a 4500 | ||
|---|---|---|---|
| 003 | AR-BaBNM | ||
| 005 | 20251128204715.0 | ||
| 008 | 082120s2002 ||||||||||||||000 | spa|| | ||
| 020 | _a950-556-182-2 | ||
| 040 | _cAR-BaBNM | ||
| 100 | 1 | _aFontán, Dionisia | |
| 245 | 0 | 0 | _aLaura de hoy crece |
| 250 | _a4ª ed. | ||
| 260 |
_aBuenos Aires _bGalerna _c1986 |
||
| 300 | _a176 p. | ||
| 650 | 4 | _aLITERATURA ARGENTINA | |
| 650 | 4 | _aLIBROS PARA NIÑOS | |
| 650 | 4 | _aLITERATURA INFANTIL | |
| 650 | 4 | _aADOLESCENTES | |
| 650 | 4 | _aHISTORIAS DE AMOR | |
| 653 | _aNARRATIVA | ||
| 655 | _aLITERATURA | ||
| 942 | _cBK | ||
| 998 | _cMARTIN | ||
| 999 |
_c8511 _d8511 |
||